Countries with Embassies and Consulates in Zurich - Statistics

General Stats
  • This quiz has been taken 52 times
  • The average score is 9 of 12
Answer Stats
Continent Country % Correct
South America Brazil
98%
Europe Italy
95%
Asia/ Europe Turkey
90%
Europe France
88%
Europe Spain
85%
Asia China
78%
Europe Portugal
78%
South America Peru
76%
Europe Serbia
76%
Europe Croatia
63%
North America Dominican Republic
56%
Europe Kosovo
49%
No matching quizzes found
Score Distribution
Percent of People with Each Score
Percentile by Number Answered
Your Score History
You have not taken this quiz